[Event "ROU-ch Women 2018"]
[Site "Olanesti"]
[Date "2018.05.18"]
[Round "5"]
[White "Lehaci, Miruna-Daria"]
[Black "Sgircea, Silvia-Raluca"]
[Result "1/2-1/2"]
[WhiteElo "1905"]
[BlackElo "2198"]
[Annotator "NA"]
[PlyCount "50"]
[EventDate "2018.??.??"]
[EventType "swiss"]
[EventCountry "ROU"]
[SourceTitle "playchess.com"]
[Source "ChessBase"]
[SourceQuality "1"]
[TimeControl "40/5400+30:1800+30"]

1. e4 {[%emt 0:00:00]} c5 {[%emt 0:00:07]} 2. Nf3 {[%emt 0:00:00]} Nc6 {[%emt 0:00:08]} 3. d4 {[%emt 0:00:00]} cxd4 {[%emt 0:00:07]} 4. Nxd4 {[%emt 0:00:00]} g6 {[%emt 0:00:17]} 5. Nc3 {[%emt 0:00:00]} Bg7 {[%emt 0:00:08]} 6. Be3 {[%emt 0:00:00]} Nf6 {[%emt 0:00:18]} 7. Bc4 {[%emt 0:00:00]} Qa5 {[%emt 0:01:54]} 8. O-O {[%emt 0:00:05]} O-O {[%emt 0:00:07]} 9. Bb3 {[%emt 0:00:10]} d6 {[%emt 0:00:11]} 10. h3 {[%emt 0:00:05]} Bd7 {[%emt 0:00:44]} 11. Re1 {[%emt 0:00:05]} Rac8 {[%emt 0:03:24]} 12. Nd5 {[%emt 0:01:00]} Nxd5 {[%emt 0:06:13]} 13. exd5 {[%emt 0:00:08]} Ne5 {[%emt 0:00:07]} 14. c3 {[%emt 0:03:33]} Rfe8 {[%emt 0:06:40]} 15. Qe2 {[%emt 0:06:41]} Qc7 {[%emt 0:11:32]} 16. Nb5 {[%emt 0:06:54]} Bxb5 {[%emt 0:01:58]} 17. Qxb5 {[%emt 0:00:06]} a6 {[%emt 0:03:44]} 18. Qb6 {[%emt 0:10:25]} Qxb6 {[%emt 0:01:33]} 19. Bxb6 {[%emt 0:00:05]} Nc4 {[%emt 0:00:21]} 20. Bxc4 {[%emt 0:00:24]} Rxc4 {[%emt 0:00:02]} 21. Re2 {[%emt 0:03:46]} Bf6 {[%emt 0:04:42]} 22. Rc1 {[%emt 0:05:15]} Rec8 {[%emt 0:02:18]} 23. Rce1 {[%emt 0:00:55]} Kf8 {[%emt 0:00:48]} 24. Kf1 {[%emt 0:09:34]} h5 {[%emt 0:05:17]} 25. Re4 {[%emt 0:01:34]} Rxe4 {[%emt 0:13:07]} 1/2-1/2

[Event "ROU-ch Women 2018"]
[Site "Olanesti"]
[Date "2018.05.18"]
[Round "5"]
[White "Ciolacu, Alessia-Mihaela"]
[Black "Ciocan, Maria-Alexandra"]
[Result "1/2-1/2"]
[WhiteElo "1843"]
[BlackElo "2021"]
[Annotator "NA"]
[PlyCount "106"]
[EventDate "2018.??.??"]
[EventType "swiss"]
[EventCountry "ROU"]
[SourceTitle "playchess.com"]
[Source "ChessBase"]
[SourceQuality "1"]
[TimeControl "40/5400+30:1800+30"]

1. d4 {[%emt 0:00:00]} Nf6 {[%emt 0:01:17]} 2. Nf3 {[%emt 0:00:00]} g6 {[%emt 0:00:06]} 3. Bg5 {[%emt 0:00:00]} Ne4 {[%emt 0:01:11]} 4. Bf4 {[%emt 0:00:45]} c5 {[%emt 0:04:18]} 5. d5 {[%emt 0:05:08]} d6 {[%emt 0:03:27]} 6. Nfd2 {[%emt 0:11:39]} Nxd2 {[%emt 0:01:44]} 7. Qxd2 {[%emt 0:00:45]} Bg7 {[%emt 0:00:31]} 8. Nc3 {[%emt 0:02:23]} Nd7 {[%emt 0:10:13]} 9. e4 {[%emt 0:01:23]} O-O {[%emt 0:00:57]} 10. Be2 {[%emt 0:01:31]} b5 {[%emt 0:07:27]} 11. Bxb5 {[%emt 0:08:26]} Rb8 {[%emt 0:00:36]} 12. Bh6 {[%emt 0:01:44]} Bxh6 {[%emt 0:08:31]} 13. Qxh6 Ne5 {[%emt 0:03:00]} 14. O-O {[%emt 0:09:55]} e6 {[%emt 0:04:05]} 15. dxe6 {[%emt 0:06:59]} Bxe6 {[%emt 0:00:32]} 16. Rad1 {[%emt 0:00:59]} c4 {[%emt 0:12:16]} 17. Qd2 {[%emt 0:04:35]} Qa5 {[%emt 0:02:31]} 18. a4 {[%emt 0:04:25]} Rfd8 {[%emt 0:07:43]} 19. f4 {[%emt 0:12:47]} a6 {[%emt 0:08:13]} 20. fxe5 {[%emt 0:09:10]} dxe5 {[%emt 0:00:15]} 21. Qf2 {[%emt 0:01:51]} axb5 {[%emt 0:00:37]} 22. Qc5 {[%emt 0:00:28]} Rdc8 {[%emt 0:02:37]} 23. Qxe5 {[%emt 0:00:56]} Qa7+ {[%emt 0:00:33]} 24. Qd4 {[%emt 0:00:50]} Qxd4+ {[%emt 0:03:43]} 25. Rxd4 {[%emt 0:00:06]} bxa4 {[%emt 0:02:17]} 26. Nxa4 {[%emt 0:00:18]} Rb4 {[%emt 0:00:39]} 27. b3 {[%emt 0:01:01]} Rcb8 {[%emt 0:00:56]} 28. Nc5 {[%emt 0:01:16]} cxb3 {[%emt 0:00:44]} 29. Rxb4 {[%emt 0:00:13]} Rxb4 {[%emt 0:00:07]} 30. cxb3 {[%emt 0:00:09]} Kg7 {[%emt 0:03:27]} 31. Rf3 {[%emt 0:02:26]} Bg4 {[%emt 0:00:44]} 32. Rd3 {[%emt 0:01:15]} Kf6 {[%emt 0:03:26]} 33. Kf2 {[%emt 0:02:55]} Ke7 {[%emt 0:01:04]} 34. Ke3 {[%emt 0:02:06]} Rb5 {[%emt 0:01:44]} 35. Kd4 {[%emt 0:01:57]} Ra5 {[%emt 0:01:25]} 36. Rd2 {[%emt 0:00:41]} Ra1 {[%emt 0:02:48]} 37. h3 {[%emt 0:01:34]} Bc8 {[%emt 0:00:09]} 38. Kc4 {[%emt 0:02:14]} Rb1 {[%emt 0:02:16]} 39. b4 {[%emt 0:02:02]} h5 {[%emt 0:00:45]} 40. Kb5 {[%emt 0:00:00]} f5 {[%emt 0:00:51]} 41. exf5 {[%emt 0:05:59]} Bxf5 {[%emt 0:00:27]} 42. Ka5 {[%emt 0:00:46]} g5 {[%emt 0:01:07]} 43. b5 {[%emt 0:02:29]} g4 {[%emt 0:00:36]} 44. hxg4 {[%emt 0:03:53]} Bxg4 {[%emt 0:00:22]} 45. b6 {[%emt 0:01:21]} Bc8 {[%emt 0:00:25]} 46. b7 {[%emt 0:01:33]} Bxb7 {[%emt 0:03:36]} 47. Rd7+ {[%emt 0:00:11]} Kf6 {[%emt 0:00:28]} 48. Rxb7 {[%emt 0:01:56]} Rxb7 {[%emt 0:00:58]} 49. Nxb7 {[%emt 0:00:12]} Kf5 {[%emt 0:00:24]} 50. Nd6+ {[%emt 0:02:11]} Kf4 {[%emt 0:00:13]} 51. Nc4 {[%emt 0:01:17]} Kg3 {[%emt 0:00:35]} 52. Ne3 {[%emt 0:00:09]} Kf2 {[%emt 0:00:14]} 53. g4 {[%emt 0:00:39]} hxg4 1/2-1/2

[Event "ROU-ch Women 2018"]
[Site "Olanesti"]
[Date "2018.05.18"]
[Round "5"]
[White "Bogdan, Elizaveta"]
[Black "Panainte, Andreea-Bianca"]
[Result "0-1"]
[WhiteElo "1805"]
[BlackElo "1894"]
[Annotator "NA"]
[PlyCount "72"]
[EventDate "2018.??.??"]
[EventType "swiss"]
[EventCountry "ROU"]
[SourceTitle "playchess.com"]
[Source "ChessBase"]
[SourceQuality "1"]
[TimeControl "40/5400+30:1800+30"]

1. Nf3 {[%emt 0:00:00]} Nf6 {[%emt 0:00:06]} 2. g3 {[%emt 0:00:00]} d5 {[%emt 0:00:06]} 3. Bg2 {[%emt 0:00:00]} c5 {[%emt 0:00:22]} 4. d3 {[%emt 0:00:03]} Nc6 {[%emt 0:00:08]} 5. O-O {[%emt 0:00:46]} e5 {[%emt 0:00:39]} 6. Nbd2 {[%emt 0:01:46]} Bd6 {[%emt 0:00:49]} 7. e4 {[%emt 0:00:25]} d4 {[%emt 0:01:22]} 8. Nc4 {[%emt 0:04:11]} Bc7 {[%emt 0:00:13]} 9. a4 {[%emt 0:00:19]} O-O {[%emt 0:01:12]} 10. Ng5 {[%emt 0:06:24]} h6 {[%emt 0:03:02]} 11. Nh3 {[%emt 0:02:52]} Nh7 {[%emt 0:05:39]} 12. f4 {[%emt 0:05:11]} f5 {[%emt 0:00:46]} 13. Qe2 {[%emt 0:12:44]} Qe7 {[%emt 0:05:15]} 14. exf5 {[%emt 0:13:41]} Bxf5 {[%emt 0:00:52]} 15. fxe5 {[%emt 0:02:36]} Bxh3 {[%emt 0:05:26]} 16. Bxh3 {[%emt 0:00:28]} Rxf1+ {[%emt 0:01:34]} 17. Bxf1 {[%emt 0:00:39]} Nxe5 {[%emt 0:01:59]} 18. Bf4 {[%emt 0:01:39]} Re8 {[%emt 0:00:30]} 19. Re1 {[%emt 0:05:58]} Nf3+ {[%emt 0:01:43]} 20. Qxf3 {[%emt 0:00:16]} Qxe1 {[%emt 0:00:05]} 21. Bxc7 {[%emt 0:00:28]} Ng5 {[%emt 0:01:13]} 22. Qg2 {[%emt 0:04:45]} Qd1 {[%emt 0:02:30]} 23. Nd2 {[%emt 0:06:34]} Qxc2 {[%emt 0:13:26]} 24. Bf4 {[%emt 0:01:41]} Ne6 {[%emt 0:04:11]} 25. Qd5 {[%emt 0:03:56]} g5 {[%emt 0:08:58]} 26. Bh3 {[%emt 0:04:41]} Qd1+ {[%emt 0:03:43]} 27. Kf2 {[%emt 0:08:31]} g4 {[%emt 0:03:49]} 28. Bg2 {[%emt 0:05:05]} Qxa4 {[%emt 0:04:44]} 29. Bxh6 {[%emt 0:01:34]} Re7 {[%emt 0:03:33]} 30. Be4 {[%emt 0:02:50]} Rf7+ {[%emt 0:00:28]} 31. Kg2 {[%emt 0:00:45]} Qd1 {[%emt 0:01:31]} 32. Bf5 {[%emt 0:02:10]} Qe2+ {[%emt 0:01:36]} 33. Kg1 {[%emt 0:00:21]} Re7 {[%emt 0:00:47]} 34. Bg5 {[%emt 0:01:59]} Re8 {[%emt 0:00:32]} 35. Qd7 {[%emt 0:01:03]} Nxg5 {[%emt 0:00:18]} 36. Qd5+ Ne6 0-1

[Event "ROU-ch Women 2018"]
[Site "Olanesti"]
[Date "2018.05.19"]
[Round "6"]
[White "Peptan, Corina-Isabela"]
[Black "Lehaci, Miruna-Daria"]
[Result "1-0"]
[WhiteElo "2393"]
[BlackElo "1905"]
[Annotator "NA"]
[PlyCount "52"]
[EventDate "2018.??.??"]
[EventType "swiss"]
[EventCountry "ROU"]
[SourceTitle "playchess.com"]
[Source "ChessBase"]
[SourceQuality "1"]
[TimeControl "40/5400+30:1800+30"]

1. c4 {[%emt 0:00:00]} e5 {[%emt 0:00:04]} 2. Nc3 {[%emt 0:00:00]} Nf6 {[%emt 0:00:04]} 3. Nf3 {[%emt 0:00:20]} Nc6 {[%emt 0:00:04]} 4. e3 {[%emt 0:00:04]} Bb4 {[%emt 0:00:05]} 5. Qc2 {[%emt 0:00:04]} O-O {[%emt 0:00:05]} 6. a3 {[%emt 0:01:03]} Bxc3 {[%emt 0:00:06]} 7. Qxc3 {[%emt 0:00:36]} Re8 {[%emt 0:02:15]} 8. d3 {[%emt 0:19:32]} e4 {[%emt 0:01:40]} 9. dxe4 {[%emt 0:00:42]} Nxe4 {[%emt 0:00:05]} 10. Qc2 {[%emt 0:00:04]} Ng5 {[%emt 0:03:27]} 11. Nxg5 {[%emt 0:02:56]} Qxg5 {[%emt 0:00:05]} 12. Bd2 {[%emt 0:00:06]} d6 {[%emt 0:11:48]} 13. O-O-O {[%emt 0:00:56]} Be6 {[%emt 0:07:15]} 14. f4 {[%emt 0:08:58]} Qe7 {[%emt 0:05:52]} 15. Bd3 {[%emt 0:00:46]} h6 {[%emt 0:00:24]} 16. Bc3 {[%emt 0:02:22]} Bd7 {[%emt 0:02:51]} 17. Rde1 {[%emt 0:05:42]} a6 {[%emt 0:05:32]} 18. g4 {[%emt 0:00:30]} b5 {[%emt 0:00:43]} 19. Rhg1 {[%emt 0:01:20]} Rab8 {[%emt 0:19:54]} 20. g5 {[%emt 0:00:22]} h5 {[%emt 0:00:48]} 21. Bf6 {[%emt 0:21:05]} Qf8 {[%emt 0:00:08]} 22. cxb5 {[%emt 0:01:55]} axb5 {[%emt 0:01:15]} 23. g6 {[%emt 0:00:37]} Bg4 {[%emt 0:06:37]} 24. Qxc6 {[%emt 0:01:16]} gxf6 {[%emt 0:00:36]} 25. h3 {[%emt 0:00:17]} Rb6 {[%emt 0:00:50]} 26. Qc2 {[%emt 0:02:10]} Bd7 {[%emt 0:00:43]} 1-0

[Event "ROU-ch Women 2018"]
[Site "Olanesti"]
[Date "2018.05.19"]
[Round "6"]
[White "Dragomirescu, Angela"]
[Black "Pancu, Aureliana-Eugenia"]
[Result "1-0"]
[WhiteElo "2272"]
[BlackElo "1852"]
[Annotator "NA"]
[PlyCount "113"]
[EventDate "2018.??.??"]
[EventType "swiss"]
[EventCountry "ROU"]
[SourceTitle "playchess.com"]
[Source "ChessBase"]
[SourceQuality "1"]
[TimeControl "40/5400+30:1800+30"]

1. d4 {[%emt 0:00:00]} d5 {[%emt 0:00:09]} 2. c4 {[%emt 0:00:33]} c6 {[%emt 0:00:15]} 3. Nf3 {[%emt 0:01:03]} Nf6 {[%emt 0:00:17]} 4. e3 {[%emt 0:01:41]} Bf5 {[%emt 0:02:44]} 5. Nc3 {[%emt 0:00:17]} Nbd7 {[%emt 0:02:08]} 6. Be2 {[%emt 0:15:11]} Ne4 {[%emt 0:08:26]} 7. cxd5 {[%emt 0:03:44]} Nxc3 {[%emt 0:00:13]} 8. bxc3 {[%emt 0:00:05]} cxd5 {[%emt 0:00:17]} 9. Qb3 {[%emt 0:00:42]} Qc7 {[%emt 0:04:32]} 10. Bd2 {[%emt 0:07:35]} e6 {[%emt 0:06:53]} 11. c4 {[%emt 0:00:20]} Bd6 {[%emt 0:06:55]} 12. cxd5 {[%emt 0:02:34]} exd5 {[%emt 0:00:29]} 13. Qxd5 {[%emt 0:02:20]} Be6 {[%emt 0:00:34]} 14. Qa5 {[%emt 0:02:34]} Qxa5 {[%emt 0:06:06]} 15. Bxa5 {[%emt 0:00:20]} b6 {[%emt 0:00:22]} 16. Bd2 {[%emt 0:01:26]} Rc8 {[%emt 0:00:27]} 17. Bd3 {[%emt 0:01:23]} Ke7 {[%emt 0:00:44]} 18. Ke2 {[%emt 0:01:06]} Bc4 {[%emt 0:00:39]} 19. Rhc1 {[%emt 0:00:43]} Bxd3+ {[%emt 0:12:51]} 20. Kxd3 {[%emt 0:00:13]} Ba3 {[%emt 0:00:05]} 21. Rxc8 {[%emt 0:00:57]} Rxc8 {[%emt 0:00:14]} 22. Rb1 {[%emt 0:01:21]} a6 {[%emt 0:05:09]} 23. Rb3 {[%emt 0:02:14]} Bd6 {[%emt 0:00:42]} 24. e4 {[%emt 0:02:08]} f6 {[%emt 0:00:28]} 25. a4 {[%emt 0:00:16]} Rc7 {[%emt 0:06:01]} 26. Be3 {[%emt 0:06:59]} Rb7 {[%emt 0:03:16]} 27. Nd2 {[%emt 0:02:43]} b5 {[%emt 0:00:18]} 28. axb5 {[%emt 0:00:16]} axb5 {[%emt 0:00:08]} 29. f4 {[%emt 0:00:42]} Kd8 {[%emt 0:01:00]} 30. e5 {[%emt 0:01:07]} fxe5 {[%emt 0:00:22]} 31. fxe5 {[%emt 0:00:07]} Be7 {[%emt 0:00:22]} 32. Ne4 {[%emt 0:08:06]} Kc7 {[%emt 0:03:33]} 33. Nc3 {[%emt 0:01:16]} b4 {[%emt 0:01:50]} 34. Nd5+ {[%emt 0:00:08]} Kd8 {[%emt 0:00:03]} 35. Nxe7 {[%emt 0:00:11]} Kxe7 {[%emt 0:00:24]} 36. Bd2 {[%emt 0:00:50]} Ke6 {[%emt 0:00:55]} 37. Ke4 {[%emt 0:00:10]} Rb5 {[%emt 0:01:00]} 38. Rxb4 {[%emt 0:23:08]} Rxb4 {[%emt 0:00:12]} 39. Bxb4 {[%emt 0:00:01]} Nb6 {[%emt 0:00:27]} 40. Bf8 {[%emt 0:00:00]} g6 {[%emt 0:00:35]} 41. Kf4 {[%emt 0:00:30]} Kf7 {[%emt 0:03:11]} 42. Bc5 {[%emt 0:02:28]} Nd5+ {[%emt 0:00:15]} 43. Kg5 {[%emt 0:00:06]} h5 {[%emt 0:13:12]} 44. g3 {[%emt 0:13:11]} Nc7 {[%emt 0:02:39]} 45. Kh6 {[%emt 0:00:13]} Nd5 {[%emt 0:06:25]} 46. e6+ {[%emt 0:05:05]} Kxe6 {[%emt 0:00:29]} 47. Kxg6 {[%emt 0:00:01]} Nf6 {[%emt 0:01:10]} 48. Kg5 {[%emt 0:12:30]} Kf7 {[%emt 0:05:07]} 49. Ba3 {[%emt 0:00:36]} Ng4 {[%emt 0:00:30]} 50. h3 {[%emt 0:02:15]} Nf2 {[%emt 0:01:02]} 51. Kxh5 {[%emt 0:02:07]} Nxh3 {[%emt 0:01:40]} 52. Kg4 {[%emt 0:01:21]} Ng1 {[%emt 0:02:25]} 53. d5 {[%emt 0:00:58]} Ne2 {[%emt 0:00:33]} 54. Bb2 {[%emt 0:00:27]} Ke7 {[%emt 0:00:16]} 55. Be5 {[%emt 0:00:01]} Nc1 {[%emt 0:02:57]} 56. Kf5 {[%emt 0:00:08]} Nd3 {[%emt 0:01:07]} 57. g4 {[%emt 0:00:31]} 1-0

[Event "ROU-ch Women 2018"]
[Site "Olanesti"]
[Date "2018.05.19"]
[Round "6"]
[White "Sgircea, Silvia-Raluca"]
[Black "Bulmaga, Irina"]
[Result "0-1"]
[WhiteElo "2198"]
[BlackElo "2415"]
[Annotator "TA"]
[PlyCount "64"]
[EventDate "2018.??.??"]
[EventType "swiss"]
[EventCountry "ROU"]
[SourceTitle "playchess.com"]
[Source "ChessBase"]
[SourceQuality "1"]

{[%evp 15,64,0,0,-12,-6,-17,-10,-12,0,0,0,-6,0,0,9,14,13,-35,-36,-35,-34,-26,-29,-154,-158,-163,-170,-154,-106,-118,-126,-279,-282,-276,-272,-298,-318,-312,-315,-315,-308,-304,-296,-308,-308,-319,-307,-366,-362,-441,-431]} 1. c4 e6 2. Nf3 Nf6 3. Nc3 d5 4. e3 b6 5. b3 (5. cxd5 exd5 6. Bb5+ c6 7. Be2 Bd6 8. O-O O-O 9. b3 Bb7 10. Bb2 Nbd7 11. Rc1 Re8 12. Re1 Rc8 {1-0 (69) Dubov,D (2696)-Wei,Y (2734) Liaocheng 2018}) 5... Bb7 6. Bb2 {A17: English Opening: 1...Nf6 with ...Bb4} Nbd7 7. Be2 a6 8. O-O Bd6 {LiveBook: 9 Games} 9. d3 O-O 10. Qc2 Re8 $146 ({Predecessor:} 10... c5 11. e4 Rc8 {0-1 (23) Diapetis,A-Dalaklis,G (2058) Athens 2000}) 11. Rac1 c5 12. Rfd1 Rc8 13. cxd5 exd5 14. d4 cxd4 15. Nxd4 Ne4 {And now ...Bb4 would win.} 16. Bf3 Nxc3 17. Bxc3 Ba3 18. Ra1 Bb4 19. Ne2 {[#]} (19. Bxb4 $11 Rxc2 20. Nxc2) 19... Ne5 $1 $17 {[%cal Re5f3]} 20. Be4 Bxc3 21. Nxc3 Qc7 $36 {[%mdl 2048] White is under strong pressure.} 22. Bxh7+ Kh8 23. Qf5 $2 (23. Rac1 $17 {might work better.} g6 24. Bxg6 fxg6 25. Qd2) 23... Qxc3 $19 24. Qh3 {[#] aiming for Rac1!} Rc6 25. Bg6+ Kg8 {[%cal Bh8g8,Bg8f8,Bf8e7,Be7d6,Bd6c7,Bc7b8][%mdl 32]} 26. Qh7+ Kf8 27. Qh8+ Ke7 28. Qh4+ Kd6 29. Be4 Rc5 30. Qg3 Kc7 31. Bf5 Kb8 32. b4 Rc7 {Precision: White = 34%, Black = 86%.} 0-1

[Event "ROU-ch Women 2018"]
[Site "Olanesti"]
[Date "2018.05.19"]
[Round "6"]
[White "Cosman, Andreea-Marioara"]
[Black "Cosma, Elena-Luminita"]
[Result "1/2-1/2"]
[WhiteElo "2130"]
[BlackElo "2331"]
[Annotator "NA"]
[PlyCount "44"]
[EventDate "2018.??.??"]
[EventType "swiss"]
[EventCountry "ROU"]
[SourceTitle "playchess.com"]
[Source "ChessBase"]
[SourceQuality "1"]
[TimeControl "40/5400+30:1800+30"]

1. d4 {[%emt 0:00:00]} d5 {[%emt 0:00:07]} 2. c4 {[%emt 0:00:00]} e6 {[%emt 0:00:04]} 3. Nc3 {[%emt 0:00:00]} c6 {[%emt 0:00:06]} 4. e3 {[%emt 0:00:04]} Nf6 {[%emt 0:00:08]} 5. Nf3 {[%emt 0:00:17]} Nbd7 {[%emt 0:00:07]} 6. Qc2 {[%emt 0:00:45]} Bd6 {[%emt 0:00:07]} 7. Be2 {[%emt 0:00:41]} O-O {[%emt 0:00:43]} 8. b3 {[%emt 0:03:14]} b6 {[%emt 0:02:37]} 9. Bb2 {[%emt 0:02:48]} Bb7 {[%emt 0:00:43]} 10. O-O {[%emt 0:00:44]} Qe7 {[%emt 0:08:37]} 11. Rad1 {[%emt 0:04:43]} Rfe8 {[%emt 0:10:33]} 12. Rfe1 {[%emt 0:12:15]} Rac8 {[%emt 0:20:48]} 13. Qb1 {[%emt 0:19:11]} Bb4 {[%emt 0:10:19]} 14. Bd3 {[%emt 0:06:23]} c5 {[%emt 0:09:25]} 15. Ne5 {[%emt 0:12:06]} cxd4 {[%emt 0:02:35]} 16. exd4 {[%emt 0:02:23]} Nf8 {[%emt 0:03:44]} 17. Qc1 {[%emt 0:11:07]} N6d7 {[%emt 0:12:04]} 18. Nxd7 {[%emt 0:07:08]} Qxd7 {[%emt 0:00:14]} 19. Re3 {[%emt 0:00:05]} Red8 {[%emt 0:01:56]} 20. Rh3 {[%emt 0:03:05]} Be7 {[%emt 0:03:32]} 21. Qc2 {[%emt 0:02:14]} h6 {[%emt 0:00:36]} 22. Qe2 {[%emt 0:00:50]} Bf6 {[%emt 0:01:38]} 1/2-1/2

[Event "ROU-ch Women 2018"]
[Site "Olanesti"]
[Date "2018.05.19"]
[Round "6"]
[White "Ciocan, Maria-Alexandra"]
[Black "Coman, Emilia-Florentina"]
[Result "1-0"]
[WhiteElo "2021"]
[BlackElo "1869"]
[Annotator "NA"]
[PlyCount "77"]
[EventDate "2018.??.??"]
[EventType "swiss"]
[EventCountry "ROU"]
[SourceTitle "playchess.com"]
[Source "ChessBase"]
[SourceQuality "1"]
[TimeControl "40/5400+30:1800+30"]

1. e4 {[%emt 0:02:37]} e6 {[%emt 0:00:11]} 2. d4 {[%emt 0:00:05]} d5 {[%emt 0:00:04]} 3. Bd3 {[%emt 0:00:04]} Nc6 {[%emt 0:14:57]} 4. Nf3 {[%emt 0:00:38]} Nb4 {[%emt 0:02:10]} 5. Nc3 {[%emt 0:16:07]} Nxd3+ {[%emt 0:09:23]} 6. Qxd3 {[%emt 0:00:26]} Nf6 {[%emt 0:06:10]} 7. Bg5 {[%emt 0:06:12]} Be7 {[%emt 0:03:29]} 8. e5 {[%emt 0:01:06]} Nd7 {[%emt 0:00:17]} 9. h4 {[%emt 0:07:04]} a6 {[%emt 0:05:51]} 10. Ne2 {[%emt 0:02:48]} h6 {[%emt 0:02:01]} 11. Bxe7 {[%emt 0:00:19]} Qxe7 {[%emt 0:00:04]} 12. c3 {[%emt 0:01:40]} c5 {[%emt 0:03:12]} 13. Nd2 {[%emt 0:09:28]} O-O {[%emt 0:16:29]} 14. Nf4 {[%emt 0:04:13]} cxd4 {[%emt 0:07:15]} 15. cxd4 {[%emt 0:00:14]} Nb6 {[%emt 0:01:04]} 16. g4 {[%emt 0:05:38]} g6 {[%emt 0:00:33]} 17. O-O-O {[%emt 0:02:50]} Bd7 {[%emt 0:03:48]} 18. Kb1 {[%emt 0:00:32]} Rfc8 {[%emt 0:05:13]} 19. Qe3 {[%emt 0:20:11]} Kh7 {[%emt 0:05:12]} 20. Nh5 {[%emt 0:02:18]} gxh5 {[%emt 0:01:49]} 21. g5 {[%emt 0:03:43]} Rg8 {[%emt 0:02:58]} 22. Nf3 {[%emt 0:01:22]} Nc4 {[%emt 0:04:56]} 23. Qf4 {[%emt 0:02:54]} Qb4 {[%emt 0:01:04]} 24. b3 {[%emt 0:04:09]} Na3+ {[%emt 0:02:00]} 25. Kb2 {[%emt 0:00:09]} Nc4+ {[%emt 0:01:49]} 26. Kb1 {[%emt 0:00:12]} Rac8 {[%emt 0:00:49]} 27. Rc1 {[%emt 0:01:12]} Na3+ {[%emt 0:00:29]} 28. Kb2 {[%emt 0:00:29]} Nc4+ {[%emt 0:00:41]} 29. Ka1 {[%emt 0:00:27]} Be8 {[%emt 0:00:25]} 30. gxh6 {[%emt 0:01:13]} Rg6 {[%emt 0:00:27]} 31. bxc4 {[%emt 0:02:03]} Rxc4 {[%emt 0:00:33]} 32. Rxc4 {[%emt 0:00:23]} dxc4 {[%emt 0:00:28]} 33. Rc1 {[%emt 0:01:12]} c3 {[%emt 0:00:36]} 34. Rb1 {[%emt 0:00:07]} Qc4 {[%emt 0:00:26]} 35. Ng5+ {[%emt 0:02:49]} Kh8 {[%emt 0:00:33]} 36. Nxf7+ {[%emt 0:00:31]} Bxf7 {[%emt 0:00:31]} 37. Qxf7 {[%emt 0:00:08]} Rg8 {[%emt 0:00:30]} 38. Qf6+ {[%emt 0:00:07]} Kh7 {[%emt 0:00:06]} 39. Rxb7+ {[%emt 0:00:06]} 1-0

[Event "ROU-ch Women 2018"]
[Site "Olanesti"]
[Date "2018.05.19"]
[Round "6"]
[White "Panainte, Andreea-Bianca"]
[Black "Sandu, Mihaela"]
[Result "0-1"]
[WhiteElo "1894"]
[BlackElo "2258"]
[Annotator "NA"]
[PlyCount "44"]
[EventDate "2018.??.??"]
[EventType "swiss"]
[EventCountry "ROU"]
[SourceTitle "playchess.com"]
[Source "ChessBase"]
[SourceQuality "1"]
[TimeControl "40/5400+30:1800+30"]

1. e4 {[%emt 0:00:00]} c5 {[%emt 0:01:20]} 2. Nc3 {[%emt 0:00:00]} e6 {[%emt 0:00:05]} 3. f4 {[%emt 0:00:00]} d5 {[%emt 0:00:06]} 4. Bb5+ {[%emt 0:00:15]} Bd7 {[%emt 0:00:41]} 5. Bxd7+ {[%emt 0:00:40]} Qxd7 {[%emt 0:00:07]} 6. e5 {[%emt 0:00:27]} Nc6 {[%emt 0:01:30]} 7. Nf3 {[%emt 0:00:30]} Nge7 {[%emt 0:01:21]} 8. O-O {[%emt 0:01:11]} Nf5 {[%emt 0:02:09]} 9. g4 {[%emt 0:02:06]} Nfd4 {[%emt 0:00:58]} 10. Ne2 {[%emt 0:00:33]} Nxf3+ {[%emt 0:18:27]} 11. Rxf3 {[%emt 0:00:05]} g5 {[%emt 0:00:48]} 12. d4 {[%emt 0:06:42]} cxd4 {[%emt 0:01:23]} 13. Nxd4 {[%emt 0:00:59]} Bc5 {[%emt 0:00:13]} 14. c3 {[%emt 0:00:22]} O-O-O {[%emt 0:05:14]} 15. Be3 {[%emt 0:01:50]} gxf4 {[%emt 0:00:47]} 16. Bxf4 {[%emt 0:00:27]} Rhg8 {[%emt 0:04:24]} 17. Rg3 {[%emt 0:05:43]} f6 {[%emt 0:02:26]} 18. b4 {[%emt 0:06:01]} Bb6 {[%emt 0:01:10]} 19. Re3 {[%emt 0:21:21]} Qg7 {[%emt 0:06:18]} 20. h3 {[%emt 0:07:29]} fxe5 {[%emt 0:00:39]} 21. Nxe6 {[%emt 0:01:23]} Qf7 {[%emt 0:00:24]} 22. Nxd8 {[%emt 0:05:41]} Qxf4 {[%emt 0:01:09]} 0-1